The Waite Group’s C Programming Using Turbo C++ (Record no. 216499)
[ view plain ]
| 000 -LEADER | |
|---|---|
| fixed length control field | 00695nam a22001937a 4500 |
| 008 - FIXED-LENGTH DATA ELEMENTS--GENERAL INFORMATION | |
| fixed length control field | 260128b |||||||| |||| 00| 0 eng d |
| 020 ## - INTERNATIONAL STANDARD BOOK NUMBER | |
| International Standard Book Number | 9780672303999 |
| 050 ## - LIBRARY OF CONGRESS CALL NUMBER | |
| Classification number | QA 64.64 .L35 1993 |
| Item number | C.1 |
| 100 ## - MAIN ENTRY--PERSONAL NAME | |
| Personal name | Lafore, Robert |
| 245 ## - TITLE STATEMENT | |
| Title | The Waite Group’s C Programming Using Turbo C++ |
| 250 ## - EDITION STATEMENT | |
| Edition statement | Second Edition |
| 260 ## - PUBLICATION, DISTRIBUTION, ETC. | |
| Place of publication, distribution, etc. | Indianapolis, IN |
| Name of publisher, distributor, etc. | Sams Publishing |
| Date of publication, distribution, etc. | 1993 |
| 300 ## - PHYSICAL DESCRIPTION | |
| Extent | xxxi, 778p.:ill. |
| 500 ## - GENERAL NOTE | |
| General note | Includes index |
| 650 ## - SUBJECT ADDED ENTRY | |
| Topical term or geographic name entry element | 1. C (Computer program language) 2. C++ (Computer program language) 3. Computer programming. 4. Application software—Development. 5. Microcomputers—Programming. |
| 700 ## - ADDED ENTRY--PERSONAL NAME | |
| Personal name | The Waite Group |
| 942 ## - ADDED ENTRY ELEMENTS (KOHA) | |
| Source of classification or shelving scheme | Library of Congress Classification |
| Koha item type | Long Loan Book |
| Withdrawn status | Lost status | Source of classification or shelving scheme | Damaged status | Not for loan | Collection | Home library | Current library | Date acquired | Inventory number | Total checkouts | Full call number | Barcode | Date last seen | Date last checked out | Copy number | Price effective from | Koha item type |
|---|---|---|---|---|---|---|---|---|---|---|---|---|---|---|---|---|---|
| Library of Congress Classification | Science & Technology | Kisii University Library | Kisii University Library | 01/28/2026 | 111247 | 1 | QA 64.64 .L35 1993 | 000000018066 | 02/24/2026 | 02/10/2026 | C.1 | 01/28/2026 | Long Loan Book |